| 000 | 00453nam a22001457a 4500 | ||
|---|---|---|---|
| 005 | 20180312113349.0 | ||
| 008 | 170914b xxu||||| |||| 00| 0 eng d | ||
| 040 | _cPK-LaUMT | ||
| 082 |
_aZIAC 297 _bQUT-I |
||
| 100 | _aQutab, Sayyid = قطب، سید | ||
| 245 |
_aIslam-o-mushkalaat ul hazarah = الاسلام و مشکلات الحضارۃ / _cSayyid Qutab = سید قطب |
||
| 260 |
_aQahrah: _bDarulsharooq, _cNY |
||
| 300 | _a193 p. | ||
| 942 | _cBK | ||
| 999 |
_c98145 _d98145 |
||